000 00376 a2200121 4500
001 ART_44272
005 20260410161938.0
008 260409a
245 1 0 _aOn fringe benefits and layoffs
100 1 _aLieberman, Marc O.
700 1 _aJehle, Geoffrey A.
773 0 _tJournal of post Keynesian economics
_g- Vol. 20, NÂș 2 (dic.1997/mar.1998)
_wREV26226
999 _c29219
_d29219